{"text_format":"3","workbook":"xlsx","n_sheets":1,"sheets":["t127"],"read":"whole","date_system":"1900"}

{"sheet":"t127","index":0,"n_rows":175,"n_cols":7,"rows_kept":175,"merged":[[0,0,0,6],[30,0,30,5],[44,0,44,5],[137,0,137,5]]}
["TABELA 127.1 - Estatísticas Agrícolas, Município de Catanduva, Estado de São Paulo, 2007/08."]
["ITEM","UNIDADE","N.DE UPAs","MÍNIMO","MÉDIO","MÁXIMO","TOTAL"]
["Distância à sede do município","km",527,0.1,{"v":10.58,"d":"10.6"},{"v":41,"d":"41.0"},"-"]
["Área total","hectare",527,0.1,{"v":46.21,"d":"46.2"},{"v":1144.6,"d":"1,144.6"},{"v":24354.7,"d":"24,354.7"}]
["Área com cultura perene","hectare",125,0.1,{"v":10.45,"d":"10.5"},{"v":130,"d":"130.0"},{"v":1306.2,"d":"1,306.2"}]
["Área com cultura temporária","hectare",341,0.1,{"v":48.98,"d":"49.0"},937.5,{"v":16701.3,"d":"16,701.3"}]
["Área com pastagem","hectare",276,0.3,{"v":7.42,"d":"7.4"},{"v":153,"d":"153.0"},{"v":2047.1,"d":"2,047.1"}]
["Área com reflorestamento","hectare",32,0.1,7.4,{"v":97,"d":"97.0"},236.9]
["Área com vegetação natural","hectare",56,0.1,{"v":8.57,"d":"8.6"},65.8,479.8]
["Área com vegetação de brejo e várzea","hectare",210,0.1,{"v":7.63,"d":"7.6"},144.1,{"v":1601.4,"d":"1,601.4"}]
["Área em descanso","hectare",29,0.5,{"v":13.41,"d":"13.4"},{"v":81,"d":"81.0"},{"v":389,"d":"389.0"}]
["Área complementar","hectare",475,0.1,{"v":3.35,"d":"3.4"},76.9,{"v":1593,"d":"1,593.0"}]
["Área das UPAs com (0, 1] ha","hectare",12,0.1,0.6,{"v":1,"d":"1.0"},7.2]
["Área das UPAs com (1, 2] ha","hectare",11,1.2,{"v":1.58,"d":"1.6"},{"v":2,"d":"2.0"},17.4]
["Área das UPAs com (2, 5] ha","hectare",87,2.1,{"v":3.31,"d":"3.3"},{"v":5,"d":"5.0"},288.4]
["Área das UPAs com (5, 10] ha","hectare",79,5.1,{"v":7.55,"d":"7.6"},9.9,596.2]
["Área das UPAs com (10, 20] ha","hectare",106,10.1,{"v":14.75,"d":"14.8"},19.8,{"v":1563.7,"d":"1,563.7"}]
["Área das UPAs com (20, 50] ha","hectare",123,20.5,{"v":32.21,"d":"32.2"},49.4,{"v":3961.6,"d":"3,961.6"}]
["Área das UPAs com (50, 100] ha","hectare",52,50.3,{"v":68.36,"d":"68.4"},96.8,{"v":3554.5,"d":"3,554.5"}]
["Área das UPAs com (100, 200] ha","hectare",30,100.4,{"v":135.58,"d":"135.6"},{"v":196,"d":"196.0"},{"v":4067.4,"d":"4,067.4"}]
["Área das UPAs com (200, 500] ha","hectare",21,200.5,{"v":292.45,"d":"292.5"},{"v":484,"d":"484.0"},{"v":6141.4,"d":"6,141.4"}]
["Área das UPAs com (500, 1.000] ha","hectare",5,537.7,{"v":602.46,"d":"602.5"},{"v":751,"d":"751.0"},{"v":3012.3,"d":"3,012.3"}]
["Área das UPAs com (1.000, 2.000] ha","hectare",1,{"v":1144.6,"d":"1,144.6"},{"v":1144.6,"d":"1,144.6"},{"v":1144.6,"d":"1,144.6"},{"v":1144.6,"d":"1,144.6"}]
["Área das UPAs com (2.000, 5.000] ha","hectare","-","-","-","-","-"]
["Área das UPAs com (5.000, 10.000] ha","hectare","-","-","-","-","-"]
["Área das UPAs acima de 10.000 ha","hectare","-","-","-","-","-"]
["Familiares do proprietário que trabalham na UPA","unidade",274,{"v":1,"d":"1.0"},{"v":1.72,"d":"1.7"},{"v":5,"d":"5.0"},{"v":471,"d":"471.0"}]
["Trabalhadores permanentes","unidade",126,{"v":1,"d":"1.0"},{"v":3.53,"d":"3.5"},{"v":45,"d":"45.0"},{"v":445,"d":"445.0"}]
["Fonte: Secretaria de Agricultura e Abastecimento, CDRS/IEA, Projeto LUPA."]
[]
["TABELA 127.2 - Explorações Animais, Município de Catanduva, Estado de São Paulo, 2007/08."]
["ITEM","UNIDADE","N.DE UPAs","MÍNIMO","MÉDIO","MÁXIMO","TOTAL"]
["Asininos E Muares","cabeças",13,{"v":1,"d":"1.0"},{"v":2,"d":"2.0"},{"v":6,"d":"6.0"},{"v":26,"d":"26.0"}]
["Avicultura de Corte","cabeças/ano",3,{"v":50,"d":"50.0"},{"v":84016.67,"d":"84,016.7"},{"v":132000,"d":"132,000.0"},{"v":252050,"d":"252,050.0"}]
["Bovinocultura de Corte","cabeças",4,{"v":40,"d":"40.0"},{"v":55.75,"d":"55.8"},{"v":103,"d":"103.0"},{"v":223,"d":"223.0"}]
["Bovinocultura Leiteira","cabeças",7,{"v":1,"d":"1.0"},{"v":37.57,"d":"37.6"},{"v":209,"d":"209.0"},{"v":263,"d":"263.0"}]
["Bovinocultura Mista","cabeças",156,{"v":1,"d":"1.0"},{"v":18.16,"d":"18.2"},{"v":241,"d":"241.0"},{"v":2833,"d":"2,833.0"}]
["Caprinocultura","cabeças",7,{"v":4,"d":"4.0"},{"v":18.86,"d":"18.9"},{"v":75,"d":"75.0"},{"v":132,"d":"132.0"}]
["Equinocultura","cabeças",84,{"v":1,"d":"1.0"},{"v":3.29,"d":"3.3"},{"v":35,"d":"35.0"},{"v":276,"d":"276.0"}]
["Outra Exploração Animal","cabeças",1,{"v":15,"d":"15.0"},{"v":15,"d":"15.0"},{"v":15,"d":"15.0"},{"v":15,"d":"15.0"}]
["Ovinocultura","cabeças",20,{"v":5,"d":"5.0"},{"v":43.85,"d":"43.9"},{"v":204,"d":"204.0"},{"v":877,"d":"877.0"}]
["Suinocultura","cabeças",23,{"v":3,"d":"3.0"},{"v":45,"d":"45.0"},{"v":600,"d":"600.0"},{"v":1035,"d":"1,035.0"}]
["Fonte: Secretaria de Agricultura e Abastecimento, CDRS/IEA, Projeto LUPA."]
[]
["TABELA 127.3 -  Máquinas, Implementos e Benfeitorias, Município de Catanduva, Estado de São Paulo, 2007/08."]
["ITEM","UNIDADE","N.DE UPAs","MÍNIMO","MÉDIO","MÁXIMO","TOTAL"]
["Arado Comum (Bacia, Aiveca)","Unidade",86,{"v":1,"d":"1.0"},{"v":1.41,"d":"1.4"},{"v":20,"d":"20.0"},{"v":121,"d":"121.0"}]
["Arado Escarificador","Unidade",16,{"v":1,"d":"1.0"},{"v":1.56,"d":"1.6"},{"v":3,"d":"3.0"},{"v":25,"d":"25.0"}]
["Arado Subsolador","Unidade",5,{"v":1,"d":"1.0"},1.2,{"v":2,"d":"2.0"},{"v":6,"d":"6.0"}]
["Carregadeira de Cana","Unidade",17,{"v":1,"d":"1.0"},{"v":2.35,"d":"2.4"},{"v":12,"d":"12.0"},{"v":40,"d":"40.0"}]
["Conj.Irrigação Convencional","Unidade",1,{"v":1,"d":"1.0"},{"v":1,"d":"1.0"},{"v":1,"d":"1.0"},{"v":1,"d":"1.0"}]
["Conj.Irrigação/Gotejamento/Microaspersão","Unidade",2,{"v":1,"d":"1.0"},{"v":1,"d":"1.0"},{"v":1,"d":"1.0"},{"v":2,"d":"2.0"}]
["Conjunto de Fenação","Unidade",1,{"v":1,"d":"1.0"},{"v":1,"d":"1.0"},{"v":1,"d":"1.0"},{"v":1,"d":"1.0"}]
["Desintegrador, Picador, Triturador","Unidade",75,{"v":1,"d":"1.0"},{"v":1.04,"d":"1.0"},{"v":2,"d":"2.0"},{"v":78,"d":"78.0"}]
["Ensiladeira","Unidade",5,{"v":1,"d":"1.0"},{"v":1,"d":"1.0"},{"v":1,"d":"1.0"},{"v":5,"d":"5.0"}]
["Grade Aradora (Tipo Romi)","Unidade",8,{"v":1,"d":"1.0"},{"v":1.63,"d":"1.6"},{"v":3,"d":"3.0"},{"v":13,"d":"13.0"}]
["Grade Niveladora","Unidade",103,{"v":1,"d":"1.0"},{"v":1.42,"d":"1.4"},{"v":19,"d":"19.0"},{"v":146,"d":"146.0"}]
["Implementos para Tração Animal","Unidade",1,{"v":1,"d":"1.0"},{"v":1,"d":"1.0"},{"v":1,"d":"1.0"},{"v":1,"d":"1.0"}]
["Microtrator","Unidade",1,{"v":1,"d":"1.0"},{"v":1,"d":"1.0"},{"v":1,"d":"1.0"},{"v":1,"d":"1.0"}]
["Ordenhadeira Mecânica","Unidade",2,{"v":1,"d":"1.0"},{"v":1,"d":"1.0"},{"v":1,"d":"1.0"},{"v":2,"d":"2.0"}]
["Pulverizador Tratorizado","Unidade",91,{"v":1,"d":"1.0"},{"v":1.88,"d":"1.9"},{"v":19,"d":"19.0"},{"v":171,"d":"171.0"}]
["Semeadeira/Adubadeira para Plantio Convencional","Unidade",6,{"v":1,"d":"1.0"},{"v":1,"d":"1.0"},{"v":1,"d":"1.0"},{"v":6,"d":"6.0"}]
["Semeadeira/Plantadeira Plantio Direto","Unidade",6,{"v":1,"d":"1.0"},1.5,{"v":3,"d":"3.0"},{"v":9,"d":"9.0"}]
["Terraceador","Unidade",7,{"v":1,"d":"1.0"},{"v":1.14,"d":"1.1"},{"v":2,"d":"2.0"},{"v":8,"d":"8.0"}]
["Trator de Esteiras","Unidade",1,{"v":1,"d":"1.0"},{"v":1,"d":"1.0"},{"v":1,"d":"1.0"},{"v":1,"d":"1.0"}]
["Trator de Pneus","Unidade",133,{"v":1,"d":"1.0"},{"v":2.09,"d":"2.1"},{"v":32,"d":"32.0"},{"v":278,"d":"278.0"}]
["Açude/Represa","Unidade",22,{"v":1,"d":"1.0"},{"v":1.64,"d":"1.6"},{"v":8,"d":"8.0"},{"v":36,"d":"36.0"}]
["Almoxarifado/Oficina","Unidade",4,{"v":1,"d":"1.0"},{"v":1.25,"d":"1.3"},{"v":2,"d":"2.0"},{"v":5,"d":"5.0"}]
["Armazém para Grãos Ensacados","Sacas",1,{"v":1,"d":"1.0"},{"v":1,"d":"1.0"},{"v":1,"d":"1.0"},{"v":1,"d":"1.0"}]
["Balança para Bovinos","Unidade",1,{"v":1,"d":"1.0"},{"v":1,"d":"1.0"},{"v":1,"d":"1.0"},{"v":1,"d":"1.0"}]
["Barracão para Bicho da Seda/Sirgaria","Unidade",1,{"v":1,"d":"1.0"},{"v":1,"d":"1.0"},{"v":1,"d":"1.0"},{"v":1,"d":"1.0"}]
["Barracão para Granja/Avicultura","Unidade",9,{"v":1,"d":"1.0"},{"v":1.11,"d":"1.1"},{"v":2,"d":"2.0"},{"v":10,"d":"10.0"}]
["Barracão/Galpão/Garagem","Unidade",238,{"v":1,"d":"1.0"},{"v":1.32,"d":"1.3"},{"v":9,"d":"9.0"},{"v":313,"d":"313.0"}]
["Casa de Moradia Habitada","Unidade",284,{"v":1,"d":"1.0"},{"v":1.91,"d":"1.9"},{"v":40,"d":"40.0"},{"v":543,"d":"543.0"}]
["Casa de Moradia Total","Unidade",335,{"v":1,"d":"1.0"},{"v":2.54,"d":"2.5"},{"v":40,"d":"40.0"},{"v":851,"d":"851.0"}]
["Curral/Mangueira","Unidade",175,{"v":1,"d":"1.0"},{"v":1.03,"d":"1.0"},{"v":3,"d":"3.0"},{"v":180,"d":"180.0"}]
["Depósito/Tulha","Unidade",129,{"v":1,"d":"1.0"},{"v":1.12,"d":"1.1"},{"v":3,"d":"3.0"},{"v":145,"d":"145.0"}]
["Engenho","Unidade",3,{"v":1,"d":"1.0"},{"v":1,"d":"1.0"},{"v":1,"d":"1.0"},{"v":3,"d":"3.0"}]
["Estábulo","Unidade",3,{"v":1,"d":"1.0"},{"v":1,"d":"1.0"},{"v":1,"d":"1.0"},{"v":3,"d":"3.0"}]
["Estufa/Plasticultura","m²",8,{"v":1,"d":"1.0"},{"v":1594,"d":"1,594.0"},{"v":9368,"d":"9,368.0"},{"v":12752,"d":"12,752.0"}]
["Fábrica de Farinha","Unidade",1,{"v":1,"d":"1.0"},{"v":1,"d":"1.0"},{"v":1,"d":"1.0"},{"v":1,"d":"1.0"}]
["Instalações para Equinos","Unidade",4,{"v":1,"d":"1.0"},{"v":4.75,"d":"4.8"},{"v":16,"d":"16.0"},{"v":19,"d":"19.0"}]
["Pocilga","Unidade",40,{"v":1,"d":"1.0"},1.2,{"v":8,"d":"8.0"},{"v":48,"d":"48.0"}]
["Poço Semi-Artesiano","Unidade",219,{"v":1,"d":"1.0"},{"v":1.06,"d":"1.1"},{"v":3,"d":"3.0"},{"v":233,"d":"233.0"}]
["Terreiro","m²",45,{"v":1,"d":"1.0"},{"v":554.31,"d":"554.3"},{"v":5600,"d":"5,600.0"},{"v":24944,"d":"24,944.0"}]
["Usina de Açúcar/destilaria","Unidade",1,{"v":1,"d":"1.0"},{"v":1,"d":"1.0"},{"v":1,"d":"1.0"},{"v":1,"d":"1.0"}]
["Fonte: Secretaria de Agricultura e Abastecimento, CDRS/IEA, Projeto LUPA."]
[]
["TABELA 127.4 - Outras Estatísticas Agrícolas, Município de Catanduva, Estado de São Paulo, 2007/08."]
["ITEM","Número de UPAs",null,"Percentual"]
["Faz Parte de Associação de Produtores",153,null,{"v":28.977272727272727,"d":"29.0"}]
["Faz Parte de Cooperativa de Produtores",263,null,{"v":49.81060606060606,"d":"49.8"}]
["Faz Parte do Sindicato de Produtores",188,null,{"v":35.60606060606061,"d":"35.6"}]
["Não utiliza assistência técnica ",227,null,{"v":42.99242424242424,"d":"43.0"}]
["Utiliza somente assistência técnica governamental ",48,null,{"v":9.090909090909092,"d":"9.1"}]
["Utiliza somente assistência técnica privada ",176,null,{"v":33.333333333333336,"d":"33.3"}]
["Utiliza assistência técnica tanto governamental quanto privada",76,null,{"v":14.393939393939393,"d":"14.4"}]
["Utiliza Crédito Rural",45,null,{"v":8.522727272727273,"d":"8.5"}]
["Utiliza Seguro Rural",2,null,{"v":0.3787878787878788,"d":"0.4"}]
["Utiliza Escrituração Agrícola",108,null,{"v":20.454545454545457,"d":"20.5"}]
["Acessa Internet p/ Fins na Agropecuária",18,null,{"v":3.409090909090909,"d":"3.4"}]
["Utiliza Computador nas Atividades Agropecuárias",84,null,{"v":15.909090909090908,"d":"15.9"}]
["Utiliza Energia Elétrica Para Uso na Atividade Agrícola",392,null,{"v":74.24242424242425,"d":"74.2"}]
["Realiza Análise de Solo, quando necessário",198,null,37.5]
["Utiliza Práticas de Conservação de Solo, quando necessário",402,null,{"v":76.13636363636363,"d":"76.1"}]
["Faz Adubação Mineral, quando necessário",290,null,{"v":54.92424242424242,"d":"54.9"}]
["Faz Adubação Orgânica, quando necessário",82,null,{"v":15.53030303030303,"d":"15.5"}]
["Faz Adubação Verde, quando necessário",53,null,{"v":10.037878787878787,"d":"10.0"}]
["Utiliza Manejo Integrado de Pragas (MIP)",2,null,{"v":0.3787878787878788,"d":"0.4"}]
["Utiliza Hidroponia","-",null,"-"]
["Utiliza Plasticultura",6,null,{"v":1.1363636363636365,"d":"1.1"}]
["Utiliza Mudas Fiscalizadas",93,null,{"v":17.613636363636363,"d":"17.6"}]
["Utiliza Semente Melhorada",100,null,{"v":18.93939393939394,"d":"18.9"}]
["Faz Confinamento de Bovinos",7,null,{"v":1.3257575757575757,"d":"1.3"}]
["Utiliza Pastejo Intensivo",19,null,{"v":3.5984848484848486,"d":"3.6"}]
["Faz Inseminação Artificial",3,null,{"v":0.5681818181818182,"d":"0.6"}]
["Faz Mineralização do Rebanho",130,null,{"v":24.62121212121212,"d":"24.6"}]
["Faz Vermifugação do Rebanho",131,null,{"v":24.810606060606062,"d":"24.8"}]
["Possui Parceiros /Arrendatários na Exploração Animal",78,null,{"v":14.772727272727272,"d":"14.8"}]
["Esporte e lazer",4,null,{"v":0.7575757575757576,"d":"0.8"}]
["Extração mineral","-",null,"-"]
["Hotel Fazenda, Pousada ou SPA","-",null,"-"]
["Pesque-pague","-",null,"-"]
["Restaurante ou Lanchonete",1,null,{"v":0.1893939393939394,"d":"0.2"}]
["Transformação artesanal","-",null,"-"]
["Turismo rural ou ecoturismo",1,null,{"v":0.1893939393939394,"d":"0.2"}]
["Outras atividades econômicas rurais",2,null,{"v":0.3787878787878788,"d":"0.4"}]
["Agroindústria","-",null,"-"]
["Proprietário sem instrução ou com instrução incompleta",14,null,{"v":2.6515151515151514,"d":"2.7"}]
["Proprietário com antigo primário completo",170,null,{"v":32.196969696969695,"d":"32.2"}]
["Proprietário com 1° grau (ou antigo ginasial) completo",59,null,{"v":11.174242424242424,"d":"11.2"}]
["Proprietário com 2° grau (ou antigo colegial) completo",93,null,{"v":17.613636363636363,"d":"17.6"}]
["Proprietário com curso superior completo ",143,null,{"v":27.083333333333336,"d":"27.1"}]
["Pessoa Jurídica",48,null,{"v":9.090909090909092,"d":"9.1"}]
["Proprietário residente na própria UPA ",76,null,{"v":14.393939393939393,"d":"14.4"}]
["Fonte: Secretaria de Agricultura e Abastecimento, CDRS/IEA, Projeto LUPA."]
[]
["TABELA 127.5 - Área Cultivada, Município de Catanduva, Estado de São Paulo, 2007/08."]
["CULTURA","N.DE UPAs","MÍNIMO","MÉDIO","MÁXIMO","TOTAL"]
["Cana-de-acucar",305,0.1,{"v":54.02,"d":"54.0"},937.5,{"v":16477.2,"d":"16,477.2"}]
["Braquiaria",134,0.5,{"v":8.32,"d":"8.3"},{"v":153,"d":"153.0"},{"v":1115.5,"d":"1,115.5"}]
["Outras gramineas para pastagem",142,0.3,6.5,59.6,922.7]
["Laranja",37,0.2,{"v":19.31,"d":"19.3"},{"v":130,"d":"130.0"},714.3]
["Limao",82,0.2,{"v":5.31,"d":"5.3"},{"v":30,"d":"30.0"},435.8]
["Eucalipto",31,0.1,{"v":7.64,"d":"7.6"},{"v":97,"d":"97.0"},236.8]
["Crotalaria",13,2.4,{"v":12.41,"d":"12.4"},{"v":30,"d":"30.0"},161.3]
["Seringueira",6,0.7,{"v":11.62,"d":"11.6"},41.7,69.7]
["Cafe",6,0.1,{"v":7.45,"d":"7.5"},30.9,44.7]
["Milho",14,0.2,{"v":1.43,"d":"1.4"},{"v":4,"d":"4.0"},{"v":20,"d":"20.0"}]
["Manga",7,1.2,{"v":2.81,"d":"2.8"},7.2,19.7]
["Batata-inglesa (ou batata, ou batatinha)",5,0.6,{"v":3.12,"d":"3.1"},7.2,15.6]
["Mandioca",8,0.3,{"v":1.31,"d":"1.3"},3.6,10.5]
["Tangerina",8,0.1,1.1,3.4,8.8]
["Batata-doce",2,1.9,{"v":3.95,"d":"4.0"},{"v":6,"d":"6.0"},7.9]
["Gramas",2,0.3,2.9,5.5,5.8]
["Capim-napier (ou capim-elefante)",4,0.2,{"v":0.98,"d":"1.0"},2.6,3.9]
["Alface",12,0.1,{"v":0.31,"d":"0.3"},{"v":1,"d":"1.0"},3.7]
["Tangor",1,3.1,3.1,3.1,3.1]
["Pomar domestico",4,0.1,{"v":0.68,"d":"0.7"},1.2,2.7]
["Coco-da-baia",3,0.1,{"v":0.63,"d":"0.6"},1.2,1.9]
["Toranja",1,1.8,1.8,1.8,1.8]
["Viveiro de citros",3,0.1,0.5,1.2,1.5]
["Lima",2,0.6,0.7,0.8,1.4]
["Abobora (ou jerimum)",2,0.6,{"v":0.65,"d":"0.7"},0.7,1.3]
["Outras olericolas",4,0.1,{"v":0.25,"d":"0.3"},0.5,{"v":1,"d":"1.0"}]
["Coloniao",1,{"v":1,"d":"1.0"},{"v":1,"d":"1.0"},{"v":1,"d":"1.0"},{"v":1,"d":"1.0"}]
["Lichia",1,0.8,0.8,0.8,0.8]
["Sorgo-vassoura",2,0.1,{"v":0.35,"d":"0.4"},0.6,0.7]
["Quiabo",1,0.7,0.7,0.7,0.7]
["Abacaxi (ou ananas)",1,0.6,0.6,0.6,0.6]
["Cebolinha",3,0.1,0.2,0.4,0.6]
["Feijao",1,0.5,0.5,0.5,0.5]
["Couve (ou couve-crespa)",2,0.1,{"v":0.15,"d":"0.2"},0.2,0.3]
["Outras florestais",1,0.1,0.1,0.1,0.1]
["Fonte: Secretaria de Agricultura e Abastecimento, CDRS/IEA, Projeto LUPA."]